000 00899nam a2200253Ia 4500
003 OSt
005 20220918170247.0
006 a|||||r|||| 00| 0
007 ta
008 220917b |||||||| |||| 00| 0 eng d
020 _a97800625733 (hbk)
_cINR 2995.00
024 _a320,636
037 _b021, 23/02/2017, Excel Book International
_cTextual
040 _aARTS
_cARTS
_beng
041 _2eng
_aeng
082 _aW,8, Q7
100 _aKauffman Craig M. Au.
_927929
245 0 _aGrassroots global governance
_b local watershed management experiement and the evolution of sustainable development
260 _aNew York
_bOxford University Press U.S.A
_c2017
300 _axvii,252p.
_ccm.
650 _aPUBLIC ADMINISTRATION; WATER CONSERVATION
_927930
942 _hW,8, Q7
_cTEXL
_2CC
999 _c133282
_d133282